Statistics for Countries With The Highest BMI - Women

Click here to take the quiz!

General Stats

  • This quiz has been taken 23 times
  • The average score is 34 of 50

Answer Stats

BMICountry% Correct
28.8Iraq
93%
28.7Mexico
93%
28.5United States
93%
27.8Chile
86%
28.2Fiji
86%
27.8New Zealand
86%
28.1Argentina
79%
28.6Bahrain
79%
27.7Nicaragua
79%
31.0Saint Kitts and Nevis
79%
33.7Samoa
79%
28.9Saudi Arabia
79%
29.9Tuvalu
79%
29.7United Arab Emirates
79%
29.9Bahamas
71%
30.7Egypt
71%
32.8FS Micronesia
71%
29.6Jordan
71%
30.5Kiribati
71%
30.8Kuwait
71%
27.6Lebanon
71%
29.5Palau
71%
30.1Qatar
71%
33.7Tonga
71%
29.6Antigua and Barbuda
64%
30.0Barbados
64%
28.0El Salvador
64%
29.3Jamaica
64%
30.0Marshall Islands
64%
33.5Nauru
64%
29.1South Africa
64%
28.9Syria
64%
29.5Trinidad and Tobago
64%
28.5Turkey
64%
30.2Belize
57%
27.6Dominican Republic
57%
27.6Ecuador
57%
28.7Grenada
57%
27.6Guyana
57%
27.4Kazakhstan
57%
28.1Saint Vincent and the Grenadines
57%
28.3Suriname
57%
27.4Armenia
50%
28.1Azerbaijan
50%
29.0Dominica
50%
29.6Libya
50%
27.8Panama
50%
30.3Saint Lucia
50%
27.5Tunisia
50%
28.0Seychelles
29%

Score Distribution

Percentile by Number Answered

Percent of People with Each Score

Your Score History

You have not taken this quiz